00349pab a2200121 454500008004000000100001600040245009700056260000900153300001100162362001000173650002400183773002000207180718b2008 xxu||||| |||| 00| 0 eng d aManoj Kumar aEconomics education in India: need for a market friendly curriculum in the globalized regime c2008 ap.1-9. a7 Jul aEconomics education aUniversity News